00460cam a22001337a 4500008004000000082001400040100002000054245006900074260009000143300000900233500002100242650004100263650002200304180718b1968 xxu||||| |||| 00| 0 eng d aB136 B812 aBrown, David W. aRural development agencies as decision makerscby David W. Brown aKnoxvillebUniv, of Tennessee, Deptt. of Agricultural Econ. and Rural Sociologyc1968 a15p. aSponsored by AID aAgency for International Development aRural Development